000 00533nam a22001817a 4500
005 20240718111809.0
008 240718b |||||||| |||| 00| 0 eng d
020 _a9780071546652
082 _a643.602
_bGIL-A
100 _aGilster, Ron
245 _aCEA-CompTIA DHTI+ Digital Home Technology Integrator All-In-One Exam Guide /
_cHelen Heneveld
260 _aUSA:
_bMcGraw-Hill;
_c2009.
300 _axiv, 730 p. :
_bill;
_c23 cm.
500 _ainclude index.
650 _aNetworking
700 _aHelen Heneveld
999 _c36135
_d36135